00356nam a22001337a 45000050016000000200026000160370008000420820011000502450039000612600036001002700032001363000038001687000016002062010091406076.0 a9780736053624c881.00 bUBH a796.42 aRun strong /cedited by Kevin Beck aChampaignbHuman Kineticsc2005 aP.O. Box, 5076, bChampaign aviii, 263p. bphotos c26cm(pbk)  aBeck, Kevin